100 Biggest Cities of Thailand on a Map - Statistics

General Stats
  • This quiz has been taken 297 times
  • The average score is 14 of 100
Answers on the Map
Answers color-coded by a green-red scale on the quiz's map according to % correct below.
 
Answer Stats
Population City % Correct
5,666,264 Bangkok
95%
127,240 Chiang Mai
82%
79,308 Phuket
80%
77,672 Chiang Rai
69%
119,532 Pattaya
67%
32,644 Krabi
44%
130,531 Udon Thani
41%
156,802 Hat Yai
39%
126,391 Nakhon Ratchasima
39%
132,040 Surat Thani
36%
114,459 Khon Kaen
34%
254,375 Nonthaburi
33%
61,758 Songkhla
30%
74,977 Ubon Ratchathani
29%
65,983 Hua Hin
28%
52,124 Lampang
27%
60,617 Yala
27%
82,305 Nakhon Sawan
25%
63,565 Rayong
25%
50,843 Samut Prakan
25%
45,004 Pattani
24%
66,106 Phitsanulok
22%
39,025 Surin
21%
74,446 Nakhon Pathom
20%
33,654 Chumphon
19%
41,825 Narathiwat
19%
59,304 Trang
18%
70,059 Ko Samui
17%
102,152 Nakhon Si Thammarat
17%
41,424 Mae Sot
16%
35,470 Ratchaburi
16%
67,515 Samut Sakhon
16%
41,508 Sisaket
16%
39,286 Cha-am
15%
34,278 Mukdahan
15%
47,524 Nong Khai
15%
36,225 Roi Et
15%
60,809 Saraburi
15%
32,198 Uttaradit
15%
85,260 Rangsit
14%
53,100 Sakon Nakhon
14%
33,398 Kalasin
13%
190,272 Pak Kret
13%
36,067 Chaiyaphum
12%
34,150 Pak Chong
12%
33,247 Phatthalung
12%
50,830 Phra Nakhon Si Ayutthaya
11%
51,276 Maha Sarakham
10%
38,902 Chachoengsao
8%
41,462 Su-ngai Kolok
8%
51,420 Bang Bua Thong
5%
143,024 Chaophraya Surasak
5%
88,271 Laem Chabang
5%
30,983 Ban Chang
4%
44,138 Bang Kruai
4%
31,141 Chum Phae
4%
30,797 Kathu
4%
62,615 Khlong Luang
4%
53,978 Om Noi
4%
62,990 Thanyaburi
4%
120,127 Bang Pu
3%
36,055 Ang Sila
2%
42,942 Khao Rup Chang
2%
39,379 Khlong Hae
2%
46,441 Kho Hong
2%
48,211 Khuan Lang
2%
40,899 Na Pa
2%
33,058 Nong Bua
2%
35,050 Pak Nam Samut Prakan
2%
33,225 Phawong
2%
33,717 Phra Phutthabat
2%
48,740 Ratsada
2%
46,658 Saen Suk
2%
33,084 Sateng Nok
2%
39,545 Singhanakhon
2%
52,233 Wichit
2%
100,598 Bang Mueang
1%
32,880 Bang Si Mueang
1%
44,293 Ban Pet
1%
69,298 Ban Suan
1%
55,488 Dan Samrong
1%
38,414 Kham Yai
1%
59,812 Khelang Nakhon
1%
44,274 Khu Khot
1%
66,003 Lam Sam Kaeo
1%
71,882 Lat Luang
1%
70,714 Map Ta Phut
1%
36,156 Mueang Na
1%
85,194 Nong Prue
1%
31,350 Sanan Rak
1%
78,108 Tha Khlong
1%
32,708 Bueng Yitho
0%
56,050 Khet Udomsakdi
0%
41,958 Lakha
0%
65,906 Lat Sawai
0%
45,573 Plai Bang
0%
73,232 Puchao Saming Phrai
0%
32,819 Rai Khing
0%
39,315 Sao Thong Hin
0%
34,200 Suan Luang
0%
No matching quizzes found
Score Distribution
Percent of People with Each Score
Percentile by Number Answered
Your Score History
You have not taken this quiz